Introducción a los partidos políticos /

Gorde:
Xehetasun bibliografikoak
Egile nagusia: Martínez Sospedra, Manuel (autor)
Formatua: Liburua
Hizkuntza:gaztelania
Argitaratua: Barcelona, España : Ariel, 1996, c1996
Saila:(Ariel Derecho)
Gaiak:
Etiketak: Etiketa erantsi
Etiketarik gabe, Izan zaitez lehena erregistro honi etiketa jartzen!

MARC

LEADER 00000nam^a2200000^a^4500
001 000183500
005 20250521000000.0
009 20260310102044.571
020 |a 84-344-1597-6 
037 |a Acervo ITESO - Biblioteca 
041 |a ESP 
082 |a 324. 246  |b MAR 
100 |a Martínez Sospedra, Manuel  |e (autor) 
245 1 0 |a Introducción a los partidos políticos /  |c M. Martínez Sospedra. 
264 4 |a Barcelona, España :  |b Ariel,  |c 1996, c1996 
300 |a 351 p. 
336 |a texto  |b txt  |2 rdacontenido 
337 |a sin mediación  |b n  |2 rdamedio 
338 |a volumen  |b nc  |2 rdasoporte 
440 1 |a (Ariel Derecho) 
649 |a XX 
650 |a Partidos Políticos -  |x Tema Principal 
650 |a Partidos Políticos -  |z España 
650 |a Partidos Políticos -  |x Clasificación 
650 |a Partidos Políticos -  |x Teoría 
650 |a Política -  |z España -  |x Historia -  |y Juan Carlos I, 1975-2014 
650 |a Política -  |z España -  |x Historia -  |y Siglo XX 
650 |a Política -  |x Teoría 
650 |a España -  |x Condiciones Políticas 
910 |a Fondo General 
920 |a Impresos - Libros 
930 |a Colección General 
905 |a 101 
901 |a 0500124062  |b IT1  |c ACC  |u 20250521 
902 |a https://opac.biblio.iteso.mx/vufind/Record/000183500